[Event "Mittelrhein Verbandsliga West 1920"]
[Site "Mittelrhein"]
[Date "2020.02.16"]
[Round "6.8"]
[White "Leuchter, Johannes"]
[Black "Huppertz, Franz Josef"]
[Result "1/2-1/2"]
[WhiteElo "1692"]
[BlackElo "1727"]
[PlyCount "31"]
[EventDate "2019.09.29"]
[EventType "team-tourn"]
[EventRounds "9"]
[EventCountry "GER"]
[SourceTitle "EXT 2023"]
[Source "ChessBase"]
[SourceDate "2022.10.05"]
[SourceVersion "1"]
[SourceVersionDate "2022.10.05"]
[SourceQuality "1"]
[WhiteTeam "Eilendorf Arminia"]
[BlackTeam "Eschweiler SC"]
[WhiteTeamCountry "GER"]
[BlackTeamCountry "GER"]

1. Nf3 Nf6 2. g3 d5 3. Bg2 e6 4. 0-0 c5 5. d3 Nc6 6. Nbd2 Be7 7. Re1 0-0 8. e4 Qc7 9. exd5 exd5 10. Nf1 Bg4 11. Bf4 Qd7 12. Qd2 Rfe8 13. Ne5 Nxe5 14. Bxe5 Be6 15. d4 c4 16. c3 1/2-1/2

[Event "Mittelrhein Verbandsliga-W 16/17"]
[Site "Nordrheinwestfalen"]
[Date "2017.01.08"]
[Round "6.5"]
[White "Klasen, Henrik"]
[Black "Leuchter, Johannes"]
[Result "1-0"]
[WhiteElo "1871"]
[BlackElo "1723"]
[PlyCount "75"]
[EventDate "2016.09.11"]
[EventType "team-tourn"]
[EventRounds "11"]
[EventCountry "GER"]
[SourceTitle "EXT 2022"]
[Source "ChessBase"]
[SourceDate "2021.10.06"]
[SourceVersion "1"]
[SourceVersionDate "2021.10.06"]
[SourceQuality "1"]
[WhiteTeam "Horrem"]
[BlackTeam "Eilendorf Arminia"]
[WhiteTeamCountry "GER"]
[BlackTeamCountry "GER"]

1. c4 c5 2. g3 e6 3. Bg2 Nf6 4. Nf3 d5 5. cxd5 exd5 6. d4 Nc6 7. 0-0 Bf5 8. Nc3 Be7 9. dxc5 Bxc5 10. Bg5 d4 11. Nb5 Qb6 12. Bxf6 gxf6 13. Qa4 0-0-0 14. Rac1 Kb8 15. Nd2 a6 16. Na3 Rc8 17. Nb3 Bxa3 18. Qxa3 Ne5 19. Nc5 Rc7 20. Bxb7 Rxc5 21. Qxc5 Qxc5 22. Rxc5 Kxb7 23. f4 Bg4 24. fxe5 Bxe2 25. Rxf6 d3 26. Rxf7+ Kb6 27. Rd5 Rc8 28. Rf6+ Kb7 29. Rd7+ Kb8 30. Rb6+ Ka8 31. Rxa6+ Kb8 32. Rad6 Rc1+ 33. Kf2 Rc2 34. Ke3 Bf1 35. e6 Re2+ 36. Kf4 Bh3 37. Rxd3 Bxe6 38. Rxh7 1-0